00433nam a2200133Ia 450000500170000000800410001702000150005808200130007310000220008624500690010826000480017730000210022550000530024620250218022309.0240331s9999 xx 000 0 und d a812060430X bCULa954 aRickmers, Mabel C 0aCulavamsa being the more recent part of the Mahavamsa :bPart II aNew DelhibAsian Educational Servicesc1992 aXXXIV, 365 P .,  aThe Date of Buddha's Death and Ceylon Chronology